[Event "Indywidualne Mistrzostwa Polski Juniorow do lat 16 - Dziewczeta"]
[Site "Szklarska Poreba"]
[Date "1899-12-30"]
[Round "2.1"]
[White "Malicka, Maria"]
[Black "Czarnecka, Lidia"]
[Result "1/2-1/2"]
[WhiteTitle "WCM"]
[BlackTitle "I++"]
[WhiteElo "2199"]
[BlackElo "1700"]

1. e4 c5 2. Nf3 e6 3. d4 cxd4 4. Nxd4 Nf6 5. Nc3 d6 6. g4 h6 7. h4 Be7 8. Be3 Nc6
9. Rg1 Nh7 10. h5 Bg5 11. Qd2 Bxe3 12. Qxe3 Qg5 13. Qxg5 Nxg5 14. Bb5 Bd7 15.
Bxc6 bxc6 16. O-O-O Nh3 17. Rg3 Nf4 18. Nde2 Nxe2+ 19. Nxe2 d5 20. c4 dxc4 21.
Rc3 e5 22. f3 Be6 23. Ng3 g6 24. Ra3 Ke7 25. Ra6 Rhd8 26. Rxc6 Rxd1+ 27. Kxd1
Rd8+ 28. Ke2 Rb8 29. Rc7+ Kf6 30. Rxa7 Rxb2+ 31. Ke3 c3 32. hxg6 fxg6 33. Ne2
c2 1/2-1/2

[Event "Indywidualne Mistrzostwa Polski Juniorow do lat 16 - Dziewczeta"]
[Site "Szklarska Poreba"]
[Date "1899-12-30"]
[Round "2.2"]
[White "Roszkiewicz, Anna"]
[Black "Jarocka, Liwia"]
[Result "1/2-1/2"]
[WhiteTitle "I++"]
[BlackTitle "FM"]
[WhiteElo "1745"]
[BlackElo "2106"]

1. e4 c5 2. Nf3 d6 3. d4 cxd4 4. Nxd4 Nf6 5. Nc3 Bd7 6. Be2 Nc6 7. Be3 a6 8. f3
Qc7 9. Qd2 Nxd4 10. Bxd4 e5 11. Be3 b5 12. a3 Bc6 13. Bg5 Nd7 14. Nd5 Bxd5 15.
Qxd5 Rc8 16. Rc1 Nb6 17. Qb3 Be7 18. Be3 Nc4 19. Bxc4 Qxc4 20. Qxc4 bxc4 21. Ke2
Kd7 22. b4 Kc6 23. Rhd1 Ra8 24. a4 Rhb8 25. c3 g6 26. Rd5 Kd7 27. Rcd1 Ke6 28.
f4 f6 29. g3 Rb7 30. Kf3 h5 1/2-1/2

[Event "Indywidualne Mistrzostwa Polski Juniorow do lat 16 - Dziewczeta"]
[Site "Szklarska Poreba"]
[Date "1899-12-30"]
[Round "2.3"]
[White "Dylag, Emilia"]
[Black "Libura, Julianna"]
[Result "1-0"]
[WhiteTitle "k+"]
[BlackTitle "I"]
[WhiteElo "2071"]
[BlackElo "1639"]

1. d4 d5 2. c4 e6 3. Nc3 Nf6 4. cxd5 exd5 5. Bg5 Nbd7 6. e3 Be7 7. Qc2 O-O 8. Bd3
c6 9. Nf3 Re8 10. O-O h6 11. Bf4 Nh5 12. Nxd5 Nxf4 13. Nxf4 Bd6 14. Ne2 Nb6 15.
Ng3 Bg4 16. Nd2 Nd5 17. Bh7+ Kh8 18. Bf5 Bxg3 19. hxg3 Qg5 20. Bxg4 Qxg4 21. Qb3
Re7 22. Nf3 Nf6 23. Rac1 Rd8 24. Qa3 Rde8 25. Qxa7 Qe4 26. Qa3 Ng4 27. Rfd1 Re6
28. Qd3 Qd5 29. b3 Qh5 30. Rc5 g5 31. Rf5 Re4 32. Re5 R4xe5 33. dxe5 Nxe5 34.
Nxe5 Rxe5 35. Qd4 g4 36. Qf4 Kh7 37. Rd4 Rc5 38. Qe4+ Kh8 39. Rd8+ Kg7 40. Qd4+
Qe5 41. Qxg4+ Qg5 42. Qd4+ Qe5 43. Qxe5+ Rxe5 44. Kf1 Ra5 45. Rd2 Kf6 46. Ke2
Rc5 47. g4 Kg5 48. Kf3 Kf6 49. Kg3 Rc3 50. Kh4 Kg6 51. e4 Rc1 52. f4 Re1 53. e5
Kg7 54. g5 Re4 55. Kg4 h5+ 56. Kf5 Re1 57. Rd7 b5 58. g6 1-0

[Event "Indywidualne Mistrzostwa Polski Juniorow do lat 16 - Dziewczeta"]
[Site "Szklarska Poreba"]
[Date "1899-12-30"]
[Round "2.4"]
[White "Zniszczol, Wiktoria"]
[Black "Vanduyfhuys, Daria"]
[Result "0-1"]
[WhiteTitle "I+"]
[BlackTitle "WCM"]
[WhiteElo "1642"]
[BlackElo "2059"]

1. e4 c5 2. Nc3 Nc6 3. f4 g6 4. Nf3 Bg7 5. Bc4 e6 6. d3 Nge7 7. O-O d5 8. Bb3 O-O
9. Qe1 a6 10. a4 Nd4 11. Nxd4 cxd4 12. Ne2 dxe4 13. dxe4 d3 14. Nc3 e5 15. Rf3
dxc2 16. Bxc2 exf4 17. Bxf4 Qb6+ 18. Qf2 Bd4 19. Be3 Bxe3 20. Rxe3 Be6 21. Rd3
Qxf2+ 22. Kxf2 Rac8 23. Rad1 Nc6 24. Bb1 Ne5 25. Rd4 Kg7 26. Bd3 Rfd8 27. Be2
Rxd4 28. Rxd4 Kf6 29. h3 h5 30. Rd6 Nd7 31. Rd4 Ke5 32. Ke3 Nc5 33. Bc4 Rc7 34.
Bxe6 Kxe6 35. Nd5 Rc6 36. Nf4+ Kf6 37. Nd5+ Ke5 38. Nc3 Rd6 39. Rxd6 Kxd6 40.
b4 Ne6 41. a5 h4 42. Na4 f6 43. Nc3 Ke5 44. Nd5 Nd4 45. Nf4 Nc2+ 46. Kf3 Ne1+
47. Ke3 g5 48. Nd3+ Nxd3 49. Kxd3 Kf4 50. Kd4 Kg3 51. Kd5 Kxg2 52. Ke6 g4 0-1

[Event "Indywidualne Mistrzostwa Polski Juniorow do lat 16 - Dziewczeta"]
[Site "Szklarska Poreba"]
[Date "1899-12-30"]
[Round "2.5"]
[White "Waszczuk, Patrycja"]
[Black "Hryn, Aleksandra"]
[Result "1-0"]
[WhiteTitle "k++"]
[BlackTitle "I+"]
[WhiteElo "2034"]
[BlackElo "1615"]

1. e4 c5 2. Nf3 d6 3. d4 cxd4 4. Nxd4 Nf6 5. Nc3 a6 6. Be3 e5 7. Nb3 Be7 8. f3
Be6 9. Qd2 O-O 10. O-O-O Qc7 11. g4 Nbd7 12. Kb1 b5 13. g5 Nh5 14. Nd5 Bxd5 15.
exd5 Nb6 16. Na5 Bd8 17. Bh3 g6 18. Bg4 Ng7 19. h4 Nc4 20. Nxc4 bxc4 21. c3 Nh5
22. Bxh5 gxh5 23. f4 Qd7 24. fxe5 Qf5+ 25. Ka1 dxe5 26. Rhf1 Qg4 27. Bc5 Re8 28.
Qf2 Qd7 29. Qe2 Qg4 30. Qxg4 hxg4 31. Rg1 Rc8 32. Be3 h5 33. gxh6 f5 34. d6 Rc6
35. d7 Rf8 36. Rd5 Re6 37. b3 cxb3 38. axb3 Kh7 39. Bg5 Kg6 40. c4 e4 41. Be3
Kh7 42. Rf1 Kg6 43. h5+ Kxh5 44. Rfxf5+ Rxf5 45. Rxf5+ Kg6 46. Rf8 Bf6+ 47. Rxf6+
1-0

[Event "Indywidualne Mistrzostwa Polski Juniorow do lat 16 - Dziewczeta"]
[Site "Szklarska Poreba"]
[Date "1899-12-30"]
[Round "2.6"]
[White "Budkiewicz, Magdalena"]
[Black "Czarniecka, Aleksandra"]
[Result "0-1"]
[WhiteTitle "I++"]
[BlackTitle "k"]
[WhiteElo "1619"]
[BlackElo "2023"]

1. e4 c5 2. Nf3 d6 3. d4 cxd4 4. Nxd4 Nf6 5. Nc3 e6 6. Be2 Be7 7. O-O O-O 8. Kh1
Nc6 9. f4 Bd7 10. Be3 Qb8 11. Bf3 Nxd4 12. Bxd4 e5 13. Be3 exf4 14. Bxf4 Bc6 15.
Qe1 Nd7 16. Qg3 Ne5 17. Nd5 Bxd5 18. exd5 Bf6 19. Be2 g6 20. c3 Bg7 21. Rfe1 b5
22. Rac1 Qb7 23. Red1 Rfe8 24. Qf2 Rac8 25. Bxe5 Rxe5 26. Bf3 Bh6 27. Rb1 b4 28.
cxb4 Be3 29. Qh4 g5 30. Qh3 Rc4 31. g4 Qxb4 32. a3 Qc5 33. b4 Qc7 34. Rb2 Bf4
35. Re2 Rxe2 36. Bxe2 Rc3 37. Rd3 Rc2 38. Qf3 Qe7 39. Bd1 Qe1+ 0-1

[Event "Indywidualne Mistrzostwa Polski Juniorow do lat 16 - Dziewczeta"]
[Site "Szklarska Poreba"]
[Date "1899-12-30"]
[Round "2.7"]
[White "Harazinska, Magdalena"]
[Black "Sawa, Daria"]
[Result "1-0"]
[WhiteTitle "WFM"]
[BlackTitle "I"]
[WhiteElo "2011"]
[BlackElo "1589"]

1. d4 d5 2. c4 e6 3. Nc3 Nf6 4. cxd5 exd5 5. Bg5 c6 6. Qc2 Be7 7. e3 O-O 8. Bd3
h6 9. Bh4 Nbd7 10. Nge2 c5 11. O-O c4 12. Bf5 Nb6 13. Bxc8 Rxc8 14. f3 Re8 15.
Bf2 Bd6 16. Rae1 Qd7 17. Ng3 Bxg3 18. Bxg3 Nh5 19. Qf2 Nxg3 20. Qxg3 Rcd8 21.
Qf2 Re7 22. Kh1 f5 23. Re2 Rde8 24. Rfe1 Qc6 25. h3 Qg6 26. Qh4 Kh7 27. Kh2 Qd6+
28. Qg3 Qxg3+ 29. Kxg3 a6 30. Kf4 Kg6 31. g4 fxg4 32. Kxg4 h5+ 33. Kg3 Kf6 34.
e4 dxe4 35. fxe4 g5 36. e5+ Ke6 37. Rf2 Rf7 38. Rxf7 Kxf7 39. Ne4 Kg6 40. Nd6
Re7 41. Kf3 Rc7 42. Rc1 Rc6 43. Ke4 Rc7 44. e6 Re7 45. d5 1-0

[Event "Indywidualne Mistrzostwa Polski Juniorow do lat 16 - Dziewczeta"]
[Site "Szklarska Poreba"]
[Date "1899-12-30"]
[Round "2.8"]
[White "Dadello, Barbara"]
[Black "Marcinczyk, Monika"]
[Result "0-1"]
[WhiteTitle "I"]
[BlackTitle "WCM"]
[WhiteElo "1615"]
[BlackElo "1928"]

1. e4 c5 2. Nf3 e6 3. d4 cxd4 4. Nxd4 Nf6 5. Nc3 d6 6. Be3 Be7 7. f3 a6 8. Qd2
b5 9. O-O-O Bb7 10. g4 Nfd7 11. g5 Nb6 12. a3 N8d7 13. h4 Rc8 14. Kb1 Ne5 15.
Bf2 Qc7 16. h5 Nbc4 17. Bxc4 Nxc4 18. Qc1 Nxa3+ 19. bxa3 Qxc3 20. Be1 Qc4 21.
Nb3 Bxg5 22. Bd2 Bf6 23. Bb4 Be7 24. Rhg1 Qc7 25. Rxg7 d5 26. Bxe7 Kxe7 27. exd5
Bxd5 28. Rd3 h6 29. Rg2 Qe5 30. Qh1 Qf6 31. Qh3 Rc4 32. Rg4 Rhc8 33. Rg2 Rh4 34.
Qg3 Rh1+ 35. Rg1 Rxh5 36. Rgd1 Qh4 37. Qg2 Qh2 38. Qxh2 Rxh2 39. R1d2 Rh1+ 40.
Kb2 h5 41. Rf2 Bc4 42. Rdd2 e5 43. Nc1 f5 44. Rh2 Rxh2 45. Rxh2 Rh8 46. Ne2 Bxe2
47. Rxe2 Kf6 48. Rg2 h4 49. Kc1 h3 50. Rh2 Kg5 51. Kd2 Kf4 52. Ke2 Kg3 53. Rh1
Kg2 0-1

[Event "Indywidualne Mistrzostwa Polski Juniorow do lat 16 - Dziewczeta"]
[Site "Szklarska Poreba"]
[Date "1899-12-30"]
[Round "2.9"]
[White "Adamczyk, Zuzanna"]
[Black "Bienko, Jagoda"]
[Result "1-0"]
[WhiteTitle "I++"]
[BlackTitle "I"]
[WhiteElo "1850"]
[BlackElo "1451"]

1. e4 c5 2. Nf3 Nc6 3. d4 cxd4 4. Nxd4 Nf6 5. Nc3 g6 6. Nxc6 dxc6 7. Qxd8+ Kxd8
8. f4 Bg7 9. Bd2 Be6 10. e5 Nd7 11. O-O-O Kc7 12. Ne4 Bd5 13. Nc3 Be6 14. Be3
f6 15. exf6 exf6 16. Be2 Rhd8 17. Rhe1 Nb6 18. Bd3 Nd5 19. Bd2 Bg4 20. Nxd5+ Rxd5
21. Re7+ Rd7 22. Rde1 Rad8 23. h3 Bf5 24. Bxf5 gxf5 25. R7e2 Bh6 26. g3 Bf8 27.
Bc3 Rd6 28. Re6 Bg7 29. Bb4 Rxe6 30. Rxe6 Rg8 31. Re7+ Kb6 32. Rf7 a5 33. Bc3
Ka6 34. Kd2 Rd8+ 35. Ke2 Rg8 36. Kf3 1-0

[Event "Indywidualne Mistrzostwa Polski Juniorow do lat 16 - Dziewczeta"]
[Site "Szklarska Poreba"]
[Date "1899-12-30"]
[Round "2.10"]
[White "Pawlak, Emilia"]
[Black "Furtak, Joanna"]
[Result "0-1"]
[WhiteTitle "I"]
[BlackTitle "k"]
[WhiteElo "1595"]
[BlackElo "1803"]

1. e4 c5 2. Nf3 e6 3. d3 d5 4. e5 Nc6 5. g3 Nge7 6. c3 Qb6 7. Bg2 Ng6 8. d4 h5
9. h4 Bd7 10. O-O cxd4 11. cxd4 f6 12. exf6 gxf6 13. Nc3 O-O-O 14. Na4 Qa6 15.
Qc2 Rg8 16. Bd2 Kb8 17. Rfc1 b6 18. Bf1 Qb7 19. Nc3 Rc8 20. a3 Nce7 21. b4 Nf5
22. Kh1 e5 23. dxe5 d4 24. Qb3 Ngxh4 25. Nd5 Rxc1 26. Rxc1 Be6 27. Bc4 b5 28.
exf6 bxc4 29. Qa4 Qxd5 30. Bf4+ Bd6 0-1

[Event "Indywidualne Mistrzostwa Polski Juniorow do lat 16 - Dziewczeta"]
[Site "Szklarska Poreba"]
[Date "1899-12-30"]
[Round "2.11"]
[White "Wysocka, Edyta"]
[Black "Mirowska, Oliwia"]
[Result "0-1"]
[WhiteTitle "I"]
[BlackTitle "I++"]
[WhiteElo "1393"]
[BlackElo "1762"]

1. e4 d6 2. d4 Nf6 3. Nc3 g6 4. Nf3 c6 5. a4 Bg7 6. Be2 O-O 7. O-O Nbd7 8. Be3
b6 9. h3 Bb7 10. Qd2 a6 11. Bd3 b5 12. b4 Qc7 13. Rfb1 Rfc8 14. axb5 cxb5 15.
Rb3 Nb6 16. d5 Nc4 17. Bxc4 Qxc4 18. Qd4 Nxe4 19. Qd1 Nxc3 20. Rxc3 Bxc3 21. Rc1
Bxd5 22. Nd2 Bxd2 23. Qxd2 Bb7 24. c3 Qd5 25. Qxd5 Bxd5 0-1

[Event "Indywidualne Mistrzostwa Polski Juniorow do lat 16 - Dziewczeta"]
[Site "Szklarska Poreba"]
[Date "1899-12-30"]
[Round "2.12"]
[White "Tarka, Aleksandra"]
[Black "Trzaskowska, Hanna"]
[Result "0-1"]
[WhiteTitle "I++"]
[BlackTitle "I"]
[WhiteElo "1656"]
[BlackElo "1607"]

1. e4 e5 2. d4 exd4 3. Qxd4 Nc6 4. Qe3 g6 5. Bd2 Bg7 6. Nc3 Nge7 7. O-O-O d6 8.
f4 Be6 9. Be2 Qd7 10. Nd5 O-O-O 11. Bc3 Bxc3 12. Qxc3 Bxd5 13. exd5 Nb8 14. g4
f5 15. h3 Qa4 16. Qc4 Qxc4 17. Bxc4 Nd7 18. g5 Nb6 19. Bb3 c6 20. dxc6 bxc6 21.
c4 d5 22. cxd5 Nexd5 23. Bxd5 Nxd5 24. Ne2 Rhe8 25. Rd2 Ne3 26. Nc3 Rxd2 27. Kxd2
Nd5 28. Nxd5 cxd5 29. Re1 Re4 30. Rf1 Kd7 31. Rf3 Ra4 32. a3 Re4 33. b3 a5 34.
Kc3 Kc6 35. b4 axb4+ 36. axb4 Kb5 37. Rd3 Rc4+ 38. Kb3 Rxb4+ 39. Kc3 Kc5 40. Rf3
d4+ 41. Kc2 Kd5 42. h4 Ke4 43. Rf1 Rc4+ 44. Kd2 Rc3 45. Re1+ Re3 46. Rh1 Kxf4
47. h5 Kxg5 48. Rg1+ Kxh5 49. Rh1+ Kg4 50. Rxh7 f4 51. Rd7 d3 52. Rf7 g5 53. Rg7
Kh4 54. Rf7 Kg3 55. Rf5 g4 56. Rh5 Kf3 57. Rh1 g3 58. Rf1+ Ke4 59. Rg1 Re2+ 60.
Kd1 Ke3 61. Rh1 0-1

[Event "Indywidualne Mistrzostwa Polski Juniorow do lat 16 - Dziewczeta"]
[Site "Szklarska Poreba"]
[Date "1899-12-30"]
[Round "2.13"]
[White "Zablocka, Marta"]
[Black "Wolagiewicz, Kinga"]
[Result "1-0"]
[WhiteTitle "I"]
[BlackTitle "I"]
[WhiteElo "1211"]
[BlackElo "1643"]

1. e4 c6 2. d4 d5 3. Nc3 dxe4 4. Nxe4 Nf6 5. Nxf6+ exf6 6. c3 Bd6 7. Bd3 O-O 8.
Ne2 Re8 9. Qc2 h6 10. O-O Nd7 11. Bf4 Nf8 12. Bxd6 Qxd6 13. Ng3 Be6 14. Rfe1 Rad8
15. a3 Qc7 16. Re3 c5 17. dxc5 Qxc5 18. Ne4 Qb6 19. Rg3 Bd5 20. Nd2 Re7 21. Nc4
Bxc4 22. Bxc4 Qc5 23. Bd3 Kh8 24. h3 Rde8 25. Rf1 a6 26. Qd1 Re5 27. Kh2 Qd6 28.
f4 Re3 29. Rxe3 Rxe3 30. Rf3 Re7 31. Qf1 Ne6 32. Kh1 Nc5 33. Bc2 Qd2 34. Qc4 b6
35. b4 Re1+ 36. Kh2 Qxc2 37. bxc5 Re2 38. Rg3 bxc5 39. Qxf7 Qh7 40. Qf8+ Qg8 41.
Qxc5 Qb8 42. Qc4 Re1 43. Qf7 Qg8 44. Qb7 a5 45. Qa7 Rf1 46. Qc7 a4 47. c4 g5 48.
Rd3 Re1 49. fxg5 hxg5 50. Qd8 Qxd8 51. Rxd8+ Kg7 52. Ra8 Re4 53. Rxa4 Kg6 54.
Rb4 Kf5 55. c5 Re8 56. a4 Ke5 57. a5 Kd5 58. Rb6 Kxc5 59. Rxf6 g4 60. hxg4 Ra8
61. a6 Kb5 62. Kg3 Rc8 63. a7 Rc3+ 64. Rf3 Rc8 65. Rb3+ 1-0

[Event "Indywidualne Mistrzostwa Polski Juniorow do lat 16 - Dziewczeta"]
[Site "Szklarska Poreba"]
[Date "1899-12-30"]
[Round "2.14"]
[White "Chomicka, Kinga"]
[Black "Kaznowska, Weronika"]
[Result "1/2-1/2"]
[WhiteTitle "I"]
[BlackTitle "I"]
[WhiteElo "1434"]
[BlackElo "1396"]

1. e4 g6 2. d4 Bg7 3. Nc3 c6 4. Nf3 d5 5. e5 f6 6. Bf4 Nh6 7. exf6 exf6 8. Qe2+
Kf7 9. O-O-O Re8 10. Qd2 Nf5 11. g4 Nd6 12. h3 b5 13. Bd3 a5 14. Rde1 Na6 15.
Rxe8 Nxe8 16. Re1 Ra7 17. Qe3 Re7 18. Qxe7+ Qxe7 19. Rxe7+ Kxe7 20. Kd2 Nd6 21.
b3 Bb7 22. h4 Nb4 23. a3 Nxd3 24. Kxd3 Bc8 25. Nh2 f5 26. g5 Ba6 27. b4 axb4 28.
axb4 Nc4 29. Nd1 Ke6 30. c3 Bf8 31. Ne3 Nb2+ 32. Kc2 Nc4 33. Nhf1 Bc8 34. Kd3
Bd7 35. Nd2 Bg7 36. Nb3 Bf8 37. Nd1 Be7 38. Ne3 Be8 39. Ng2 Bd7 40. Nd2 Nb2+ 41.
Kc2 Nc4 42. Kd3 Nb2+ 43. Kc2 Nc4 44. Kd3 Nb2+ 1/2-1/2

[Event "Indywidualne Mistrzostwa Polski Juniorow do lat 16 - Dziewczeta"]
[Site "Szklarska Poreba"]
[Date "1899-12-30"]
[Round "2.15"]
[White "Zarebska, Lena"]
[Black "Zalucka, Emilia"]
[Result "1-0"]
[WhiteTitle "I++"]
[BlackTitle "I"]
[WhiteElo "1783"]
[BlackElo "1432"]

1. e4 e5 2. f4 exf4 3. Nf3 d6 4. Bc4 h6 5. O-O Nc6 6. d4 g5 7. c3 Bd7 8. b4 Bg7
9. Bb2 Nf6 10. Qb3 Qe7 11. Na3 O-O 12. Rae1 Ng4 13. Bc1 h5 14. Nc2 Nh6 15. h4
g4 16. Ng5 Kh8 17. Rxf4 Nd8 18. e5 dxe5 19. dxe5 Ne6 20. Rfe4 Nf5 21. Nxe6 Bxe6
22. Bg5 Qd7 23. Nd4 Bxc4 24. Qxc4 Qc8 25. Rf4 Nxd4 26. cxd4 Qe8 27. Ref1 Qe6 28.
Qd3 Qb6 29. Bf6 Kg8 30. Bxg7 Kxg7 31. Rf6 Qxb4 32. Qe3 Kh8 33. Rh6+ Kg7 34. Qg5#
1-0

[Event "Indywidualne Mistrzostwa Polski Juniorow do lat 16 - Dziewczeta"]
[Site "Szklarska Poreba"]
[Date "1899-12-30"]
[Round "2.16"]
[White "Szczypawka, Aleksandra"]
[Black "Kroliczek, Gabriela"]
[Result "0-1"]
[WhiteTitle "I"]
[BlackTitle "I++"]
[WhiteElo "1476"]
[BlackElo "1588"]

1. c4 e5 2. Nc3 g6 3. g3 Bg7 4. Bg2 Ne7 5. e4 d6 6. d3 f5 7. Nge2 Nbc6 8. O-O O-O
9. Rb1 h6 10. h4 Kh7 11. Be3 Nd4 12. b4 Ne6 13. Qc1 f4 14. gxf4 exf4 15. Nxf4
Nxf4 16. Bxf4 Rxf4 17. Qxf4 Bxc3 18. Rb3 Bg7 19. b5 Be6 20. Qg3 c6 21. f4 Qd7
22. h5 Bd4+ 23. Kh1 Rg8 24. Qh2 Bg4 25. bxc6 bxc6 26. a4 Bxh5 27. Rfb1 Rg7 28.
Qh4 Qe8 29. Rb7 g5 30. fxg5 hxg5 31. Qh3 Qg6 32. Rf1 Qh6 33. Rd7 g4 34. Qh4 Ng6
35. Rxg7+ Kxg7 36. Qg3 Be5 37. Qf2 Nf4 38. Qh4 Bf6 39. Qh2 Ne2 40. Bh3 g3 41.
Qg2 Bg4 42. Rxf6 Kxf6 43. e5+ Kg7 44. exd6 Qxh3+ 45. Qxh3 Bxh3 46. d7 g2+ 0-1

[Event "Indywidualne Mistrzostwa Polski Juniorow do lat 16 - Dziewczeta"]
[Site "Szklarska Poreba"]
[Date "1899-12-30"]
[Round "2.17"]
[White "Mytnik, Kinga"]
[Black "Bednarska, Julita"]
[Result "0-1"]
[WhiteTitle "I"]
[BlackTitle "I"]
[WhiteElo "1570"]
[BlackElo "1356"]

1. e4 e5 2. Nf3 Nc6 3. Be2 Nf6 4. d3 d5 5. Nbd2 Bc5 6. c3 a5 7. a4 O-O 8. Qc2 Re8
9. O-O Qe7 10. b3 h6 11. Bb2 dxe4 12. Nxe4 Nxe4 13. dxe4 Bd7 14. Rad1 Rad8 15.
Bb5 Bd6 16. Rfe1 Na7 17. Bxd7 Rxd7 18. Rd3 Nc6 19. h3 Red8 20. Red1 Bc5 21. Rd5
Bb6 22. R1d2 Rxd5 23. Rxd5 Rxd5 24. exd5 Nb8 25. c4 Nd7 26. Qe2 f6 27. Nd2 Qb4
28. Bc1 Qc3 29. Qd1 Nc5 30. Ba3 Nd3 31. Ne4 Qd4 32. c5 Qxe4 33. cxb6 cxb6 34.
d6 Qd4 35. Qc2 Nc5 36. Qa2 Qd5 37. Bxc5 bxc5 38. d7 Qxd7 39. b4+ Qf7 40. Qxf7+
Kxf7 41. bxa5 Ke6 42. Kf1 Kd5 43. Ke2 Kc4 44. h4 Kb3 45. Kd2 c4 46. Kc1 Kc3 0-1

[Event "Indywidualne Mistrzostwa Polski Juniorow do lat 16 - Dziewczeta"]
[Site "Szklarska Poreba"]
[Date "1899-12-30"]
[Round "2.18"]
[White "Szewczyk, Malwina"]
[Black "Pisarek, Elzbieta"]
[Result "0-1"]
[WhiteTitle "I"]
[BlackTitle "I"]
[WhiteElo "1413"]
[BlackElo "1567"]

1. d4 c5 2. e3 Nf6 3. Nf3 g6 4. Bd3 Bg7 5. b3 O-O 6. Bb2 b6 7. Nbd2 e6 8. O-O d5
9. Ne5 Qc7 10. f4 Nc6 11. a3 Bb7 12. Rf3 Rfd8 13. Rg3 Rac8 14. Ndf3 Ne4 15. Bxe4
dxe4 16. Ng5 Nxe5 17. fxe5 h6 18. Nxe6 fxe6 19. Rxg6 Qf7 20. Qg4 Kh7 21. Rxe6
Rf8 22. h4 cxd4 23. Bxd4 h5 24. Qh3 Rxc2 25. Rd6 Qf2+ 26. Kh2 Rf3 0-1

[Event "Indywidualne Mistrzostwa Polski Juniorow do lat 16 - Dziewczeta"]
[Site "Szklarska Poreba"]
[Date "1899-12-30"]
[Round "2.19"]
[White "Wojtas, Julia"]
[Black "Zygmunt, Patrycja"]
[Result "0-1"]
[WhiteTitle "I"]
[BlackTitle "I"]
[WhiteElo "1550"]
[BlackElo "1338"]

1. e4 e5 2. Nf3 Nc6 3. d4 exd4 4. Nxd4 Bc5 5. Nb3 Bb6 6. Nc3 Nge7 7. Qe2 O-O 8.
Be3 d6 9. O-O-O Bxe3+ 10. Qxe3 a5 11. f3 a4 12. Nc5 a3 13. b3 b6 14. Nd3 Ng6 15.
h4 Nxh4 16. Qf4 Ng6 17. Qh2 h6 18. g4 Nce5 19. Nxe5 Nxe5 20. Be2 Be6 21. f4 Nxg4
22. Bxg4 Bxg4 23. Rdg1 f5 24. exf5 Bxf5 25. Nd5 Kf7 26. Qh5+ g6 27. Qe2 c6 28.
Nb4 Re8 29. Qc4+ Re6 30. Rxh6 Qf6 31. Rgh1 Qb2+ 32. Kd2 Kf6 33. Rb1 d5 34. Qf1
Qd4+ 35. Nd3 Qe3+ 36. Kc3 d4+ 37. Kc4 b5+ 38. Kc5 Qd2 39. Rc1 Qc3+ 40. Kb6 Qa5+
0-1

[Event "Indywidualne Mistrzostwa Polski Juniorow do lat 16 - Dziewczeta"]
[Site "Szklarska Poreba"]
[Date "1899-12-30"]
[Round "2.20"]
[White "Matyjasek, Michalina"]
[Black "Sloniewska, Alicja"]
[Result "0-1"]
[WhiteTitle "I"]
[BlackTitle "I"]
[WhiteElo "1342"]
[BlackElo "1530"]

1. d4 d5 2. c4 dxc4 3. e4 Nc6 4. Nf3 Bg4 5. Bxc4 e6 6. d5 Ne5 7. Qa4+ Nd7 8. Ne5
Ngf6 9. Nxg4 Nxg4 10. dxe6 fxe6 11. Bxe6 Nge5 12. Bf4 Nd3+ 13. Kf1 Nxf4 14. Bg4
c6 15. Nc3 Nc5 16. Qc2 Qd3+ 17. Qxd3 Ncxd3 18. b3 Bc5 19. Nd1 O-O 20. g3 Ne5 21.
Bf5 Nh5 22. Kg2 g6 23. Be6+ Kg7 24. f4 Rae8 25. Bh3 Nd3 26. e5 Nhxf4+ 27. gxf4
Nxf4+ 28. Kg3 Nxh3 29. Kxh3 Rxe5 30. Rc1 Bb6 31. Rc2 Rg5 32. Re1 Bd8 33. Re3 Rgf5
34. Rce2 Rf3+ 35. Rxf3 Rxf3+ 36. Kg4 Rd3 37. Nb2 h5+ 38. Kf4 Bc7+ 39. Kg5 Rd5+
40. Kh4 Kf6 41. Nc4 Rd4+ 42. Kh3 g5 43. Rf2+ Kg6 44. Kg2 Rg4+ 45. Kh1 b5 46. Ne3
Re4 47. Nc2 Bb6 48. Rf1 Bc5 49. Ne1 Re2 50. Nd3 Bd6 51. Rf2 Rxf2 52. Nxf2 Kf5
53. Kg2 c5 54. h3 c4 55. bxc4 bxc4 56. Kf3 Bc5 57. Nd1 g4+ 58. hxg4+ hxg4+ 59.
Kg3 Bd4 60. a3 c3 61. Nxc3 Bxc3 62. a4 a6 63. Kf2 Kf4 64. Kg2 g3 65. Kf1 Kf3 66.
a5 g2+ 67. Kg1 Bd4+ 68. Kh2 g1=Q+ 69. Kh3 Qg3# 0-1

[Event "Indywidualne Mistrzostwa Polski Juniorow do lat 16 - Dziewczeta"]
[Site "Szklarska Poreba"]
[Date "1899-12-30"]
[Round "2.21"]
[White "Siekanska, Zuzanna"]
[Black "Laszczuk, Zuzanna"]
[Result "0-1"]
[WhiteTitle "I"]
[BlackTitle "I"]
[WhiteElo "1517"]
[BlackElo "1277"]

1. d4 Nf6 2. c4 g6 3. Nc3 Bg7 4. e4 d6 5. Bd3 Nbd7 6. Nge2 O-O 7. O-O e5 8. d5
Nh5 9. a3 f5 10. exf5 gxf5 11. f4 e4 12. Bc2 Qf6 13. Nb5 Qd8 14. Ned4 Ndf6 15.
Rb1 a6 16. Nc3 Qe8 17. Nde2 Qg6 18. Qe1 Kh8 19. Be3 Rg8 20. Bf2 Bh6 21. Bg3 Ng4
22. Nd1 Bd7 23. b4 Rg7 24. Qc3 Rag8 25. Ne3 Nxg3 26. Nxg3 Nxh2 27. Kxh2 Qxg3+
28. Kg1 Bxf4 29. Rxf4 Qxf4 30. Rf1 Qg3 31. Rf2 f4 32. Nd1 e3 0-1

[Event "Indywidualne Mistrzostwa Polski Juniorow do lat 16 - Dziewczeta"]
[Site "Szklarska Poreba"]
[Date "1899-12-30"]
[Round "2.22"]
[White "Drob, Julia"]
[Black "Kudlak, Julia"]
[Result "0-1"]
[WhiteTitle "I"]
[BlackTitle "I"]
[WhiteElo "1336"]
[BlackElo "1515"]

1. d4 Nf6 2. Nf3 d5 3. Bf4 c6 4. e3 Qb6 5. b3 Bf5 6. c4 e6 7. Be2 Nbd7 8. O-O Be7
9. Qc1 O-O 10. Nbd2 Qd8 11. h3 h6 12. Ne5 Nxe5 13. Bxe5 Bd6 14. Nf3 Ne4 15. Bh2
Bxh2+ 16. Nxh2 Qf6 17. Ng4 Qg5 18. Qe1 h5 19. f4 Qg6 20. Ne5 Qh6 21. Qh4 Nf6 22.
Rf3 Rad8 23. Kh2 Ne4 24. Rff1 f6 25. Nf3 Nc3 26. Rf2 Nxe2 27. Rxe2 dxc4 28. e4
Bg6 29. bxc4 Bf7 30. e5 Rd7 31. Qf2 Qxf4+ 32. g3 Qf5 33. Rf1 Bg6 34. Nh4 Qxf2+
35. Rexf2 Bd3 36. Rd1 Bxc4 37. Ng6 Rff7 38. Rc2 Bd5 39. exf6 Rxf6 40. Nf4 g6 41.
Re1 Kg7 42. Re5 Rf5 43. Nxe6+ Bxe6 44. Rxe6 Rxd4 45. Rb2 Rd7 46. Re3 Rfd5 47.
Ree2 b5 48. h4 a6 49. Kh3 c5 50. Re6 R5d6 51. Re5 c4 52. Rc2 Rc6 53. a3 Rb7 54.
Re4 Rc5 55. a4 Rbc7 56. axb5 axb5 0-1

[Event "Indywidualne Mistrzostwa Polski Juniorow do lat 16 - Dziewczeta"]
[Site "Szklarska Poreba"]
[Date "1899-12-30"]
[Round "2.23"]
[White "Tomczak, Marta"]
[Black "Zygmunt, Magdalena"]
[Result "1-0"]
[WhiteTitle "I"]
[BlackTitle "I"]
[WhiteElo "1510"]
[BlackElo "1206"]

1. e4 e5 2. Nf3 Nc6 3. Bb5 a6 4. Ba4 Nf6 5. O-O Be7 6. c3 b5 7. Bc2 O-O 8. d4 d6
9. h3 Re8 10. Re1 Bd7 11. Bg5 h6 12. Bh4 Nh7 13. Bg3 Bf6 14. Bb3 Na5 15. Bc2 c5
16. dxe5 dxe5 17. Nbd2 c4 18. Nf1 Qc7 19. Ne3 Nc6 20. Nd5 Qd8 21. Qe2 Ng5 22.
Rad1 Nxf3+ 23. Qxf3 Be6 24. Nxf6+ Qxf6 25. Qxf6 gxf6 26. Bh4 Ne7 27. Bxf6 Ng6
28. h4 Bg4 29. f3 Bc8 30. h5 Nf4 31. g4 Bb7 32. Rd7 Bc8 33. Rd6 Ne6 34. Kf2 Ng5
35. Rd5 Nh3+ 36. Ke3 Nf4 37. Rd2 Bb7 38. Red1 Bc6 39. Rd6 Rac8 40. Kf2 Nh3+ 41.
Kg3 Nf4 42. Bh4 Kg7 43. Rf6 Ne2+ 44. Kh2 Nf4 45. Rdd6 Ne6 46. Rf5 a5 47. Rxe5
b4 48. Rxa5 bxc3 49. bxc3 1-0

[Event "Indywidualne Mistrzostwa Polski Juniorow do lat 16 - Dziewczeta"]
[Site "Szklarska Poreba"]
[Date "1899-12-30"]
[Round "2.24"]
[White "Kot, Ewelina"]
[Black "Giefert, Sara"]
[Result "1-0"]
[WhiteTitle "II+"]
[BlackTitle "I"]
[WhiteElo "1201"]
[BlackElo "1497"]

1. d4 Nf6 2. Bf4 d6 3. e3 g6 4. Nd2 Bg7 5. Ngf3 Nbd7 6. h3 O-O 7. Bd3 Re8 8. c3
e5 9. Bg5 h6 10. Bxf6 Bxf6 11. Qb3 Kg7 12. O-O Be7 13. Nc4 Bg5 14. Ncd2 f5 15.
dxe5 dxe5 16. Be2 Qf6 17. Qc4 c6 18. h4 Rh8 19. hxg5 hxg5 20. Rfd1 g4 21. Nh2
Qh4 22. Ndf1 Nf6 23. Qc5 Re8 24. Bd3 f4 25. exf4 exf4 26. Re1 Be6 27. Qb4 Nd5
28. Qxb7+ Kh6 29. Rxe6 Rxe6 30. Qxa8 Nf6 31. Qf8+ Kg5 32. Qf7 1-0